00793nam a2200253 a 4500001001300000003000900013005001700022008004100039020001000080082001300090100001600103245005800119260005000177300000900227500003500236505001000271650002600281700001600307902000800323942000700331952009300338952009300431999001500524nice12345678IN_TiNIC20260116011634.0050524s1926 cama grp 000 0 eng  ac10000a231bMOZ aMozley, J K aImpassibility of Godb a Survey of Christian Thought. aCambridge bCambridge University Press c1926 a187p aincludes index and biblioraphy2 aIndex aGod-Biblical Teaching1 aMozley, J K bSRS cBK 00104070aHMIbHMId0000-00-00g100.00l0o231 MOZp1400r0000-00-00w2026-01-16yARB 00104070aHMIbHMId0000-00-00g100.00l0o231 MOZp8442r0000-00-00w2026-01-16yARB c3041d3041